[Event "HUN-chT2 Toth 1617"]
[Site "Hungary"]
[Date "2016.11.13"]
[Round "4.4"]
[White "Hajdu, Sandor2222"]
[Black "Magi, Tibor"]
[Result "1/2-1/2"]
[WhiteElo "2005"]
[BlackElo "1875"]
[PlyCount "68"]
[EventDate "2016.09.25"]
[EventType "team-tourn"]
[EventRounds "11"]
[EventCountry "HUN"]
[SourceTitle "EXT 2021"]
[Source "ChessBase"]
[SourceDate "2020.10.23"]
[SourceVersion "1"]
[SourceVersionDate "2020.10.23"]
[SourceQuality "1"]
[WhiteTeam "Szentes Integral"]
[BlackTeam "Nadudvar"]
[WhiteTeamCountry "HUN"]
[BlackTeamCountry "HUN"]

1. e4 d5 2. exd5 Qxd5 3. Nf3 Bg4 4. Be2 e6 5. d4 c6 6. c4 Qa5+ 7. Nc3 Nf6 8. 0-0 Nbd7 9. a3 Rd8 10. h3 Bxf3 11. Bxf3 Ne5 12. Be2 Qc7 13. Be3 Ng6 14. Bf3 Be7 15. Rc1 0-0 16. Qa4 Nh4 17. Be2 Nf5 18. Rfd1 Nxe3 19. fxe3 Qg3 20. Bf3 a6 21. e4 h6 22. Ne2 Qh4 23. e5 Nh7 24. Kh2 f5 25. g3 Qg5 26. Qb3 f4 27. Rg1 fxg3+ 28. Rxg3 Qh4 29. Rcg1 Ng5 30. R1g2 Nxf3+ 31. Rxf3 Rxf3 32. Qxf3 Rf8 33. Qg3 Bg5 34. Kg1 Rf5 1/2-1/2

[Event "HUN-chT2 Toth 1617"]
[Site "Hungary"]
[Date "2016.10.09"]
[Round "2.3"]
[White "Magi, Tibor"]
[Black "Olah, Gabor Mihaly"]
[Result "1/2-1/2"]
[WhiteElo "1875"]
[BlackElo "2062"]
[PlyCount "142"]
[EventDate "2016.09.25"]
[EventType "team-tourn"]
[EventRounds "11"]
[EventCountry "HUN"]
[SourceTitle "EXT 2021"]
[Source "ChessBase"]
[SourceDate "2020.10.23"]
[SourceVersion "1"]
[SourceVersionDate "2020.10.23"]
[SourceQuality "1"]
[WhiteTeam "Nadudvar"]
[BlackTeam "Bekes"]
[WhiteTeamCountry "HUN"]
[BlackTeamCountry "HUN"]

1. Nf3 d5 2. d4 Nf6 3. Bg5 Ne4 4. Bf4 c6 5. Nbd2 Qb6 6. Rb1 Bf5 7. e3 e6 8. Bd3 Qa5 9. a3 Nd7 10. 0-0 Nxd2 11. Nxd2 Bxd3 12. cxd3 Be7 13. Nb3 Qb5 14. Re1 a5 15. e4 a4 16. Na1 0-0 17. Nc2 Rfc8 18. Ne3 Bf8 19. Ng4 Qb6 20. Qf3 Qxd4 21. Qg3 Kh8 22. h4 f6 23. h5 e5 24. Bd2 Be7 25. h6 Rg8 26. Qh3 dxe4 27. Rxe4 Qd6 28. hxg7+ Rxg7 29. Nh6 Qd5 30. Nf5 Rf7 31. Rbe1 Bc5 32. d4 Bf8 33. Bc3 Re8 34. f4 Re6 35. fxe5 fxe5 36. dxe5 Bc5+ 37. Kf1 Nf8 38. g4 b5 39. Qf3 Qd7 40. Rd1 Qc7 41. Kg2 Ng6 42. Qd3 Qc8 43. Rd2 Qf8 44. Kg3 Ne7 45. Qd8 Nxf5+ 46. gxf5 Rxf5 47. Qxf8+ Rxf8 48. Rd6 Rfe8 49. Rg4 h6 50. Rd7 R8e7 51. Rd8+ Kh7 52. Kf4 Bb6 53. Rd6 Rxd6 54. exd6 Rf7+ 55. Ke5 h5 56. Ke6 hxg4 57. Kxf7 g3 58. d7 g2 59. Bd4 Bc7 60. Ke6 Kg6 61. d8Q Bxd8 62. Kd7 Kf5 63. Kxd8 Ke4 64. Bg1 Kd3 65. Kc7 c5 66. Kb6 b4 67. Bxc5 bxa3 68. bxa3 Kc4 69. Bg1 Kb3 70. Bc5 g1Q 71. Bxg1 Kxa3 1/2-1/2

[Event "HUN-chT2 Toth 1617"]
[Site "Hungary"]
[Date "2016.09.25"]
[Round "1.5"]
[White "Magi, Tibor"]
[Black "Lovas, Daniel"]
[Result "0-1"]
[WhiteElo "1875"]
[BlackElo "2134"]
[PlyCount "124"]
[EventDate "2016.09.25"]
[EventType "team-tourn"]
[EventRounds "11"]
[EventCountry "HUN"]
[SourceTitle "EXT 2021"]
[Source "ChessBase"]
[SourceDate "2020.10.23"]
[SourceVersion "1"]
[SourceVersionDate "2020.10.23"]
[SourceQuality "1"]
[WhiteTeam "Nadudvar"]
[BlackTeam "Kecskemet Toth Laszlo II"]
[WhiteTeamCountry "HUN"]
[BlackTeamCountry "HUN"]

1. Nf3 Nf6 2. Nc3 d5 3. d4 g6 4. Bf4 Bg7 5. Nb5 Na6 6. c3 c6 7. Na3 0-0 8. e3 Nc7 9. h3 Re8 10. Bd3 Ne6 11. Bh2 Nf8 12. Qc2 N6d7 13. 0-0 e5 14. e4 dxe4 15. Bxe4 exd4 16. Nxd4 Nc5 17. Nxc6 bxc6 18. Bxc6 Bf5 19. Qd1 Nd3 20. Bxe8 Qxe8 21. Qb3 Qe6 22. Qc4 Qb6 23. Qb5 Nxb2 24. Qxb6 axb6 25. Nb5 Ne6 26. Rfe1 Bd3 27. Nd4 Nxd4 28. cxd4 Bxd4 29. Be5 Bxe5 30. Rxe5 b5 31. Re3 Bc4 32. a3 b4 33. f3 Be6 34. g4 b3 35. Rb1 Na4 36. Rexb3 Bxb3 37. Rxb3 Nc5 38. Re3 Ne6 39. Kf2 g5 40. Rb3 h6 41. Ke3 Kg7 42. Rc3 Nf4 43. Ke4 Ra4+ 44. Ke5 Ra6 45. Rb3 Rc6 46. a4 Ra6 47. Ra3 Ne6 48. Kd5 Ra5+ 49. Kc6 Nc5 50. Rc3 Nxa4 51. Rc2 Kf6 52. Kb7 Rc5 53. Ra2 Rc4 54. Ka6 Rf4 55. Ra3 Nc5+ 56. Kb5 Ne6 57. Kc6 Nd4+ 58. Kd5 Nxf3 59. Ra6+ Kg7 60. Ra3 Ng1 61. Rg3 Nxh3 62. Rxh3 Rxg4 0-1

[Event "HUN-chT2 Barcza 1516"]
[Site "Hungary"]
[Date "2015.11.08"]
[Round "4.5"]
[White "Pasztor, Lorant"]
[Black "Magi, Tibor"]
[Result "1-0"]
[WhiteElo "1918"]
[BlackElo "1897"]
[PlyCount "119"]
[EventDate "2015.09.13"]
[EventType "team-tourn"]
[EventRounds "11"]
[EventCountry "HUN"]
[SourceTitle "CBM 170 Extra"]
[Source "ChessBase"]
[SourceDate "2016.02.25"]
[SourceVersion "1"]
[SourceVersionDate "2016.02.25"]
[SourceQuality "1"]
[WhiteTeam "SSASSE"]
[BlackTeam "Nadudvar"]
[WhiteTeamCountry "HUN"]
[BlackTeamCountry "HUN"]

1. e4 Nc6 2. d4 d5 3. e5 Bf5 4. c3 e6 5. Nf3 h6 6. Bd3 Bxd3 7. Qxd3 Nge7 8. h4 Qd7 9. Bf4 0-0-0 10. Nbd2 f6 11. Nb3 Kb8 12. Nc5 Qc8 13. Qb5 Ka8 14. 0-0-0 a6 15. Qa4 Ng6 16. Nd3 Nxf4 17. Nxf4 f5 18. b4 b5 19. Qb3 Kb7 20. a4 Qd7 21. a5 Ne7 22. Ne1 Rg8 23. Ned3 Ka7 24. Nc5 Qc6 25. Nfxe6 Re8 26. Qc2 g6 27. Qd2 h5 28. Qg5 Nc8 29. Nxf8 Rgxf8 30. f3 Re7 31. Kd2 Rfe8 32. Rde1 Re6 33. g4 hxg4 34. fxg4 Ne7 35. Nxe6 Qxe6 36. Qf6 Qd7 37. gxf5 gxf5 38. Ref1 Rg8 39. Rhg1 Qe8 40. Rxg8 Qxg8 41. Qg5 Qe6 42. Rf2 Kb7 43. h5 Qf7 44. h6 f4 45. Rxf4 Qh7 46. Qg7 Qb1 47. Qxe7 Qb2+ 48. Kd3 Qb1+ 49. Ke3 Qc1+ 50. Kf3 Qd1+ 51. Kg3 Qg1+ 52. Kh4 Qh2+ 53. Kg5 Qg3+ 54. Kf5 Qh3+ 55. Kg6 Qg3+ 56. Qg5 Qxc3 57. h7 Qc6+ 58. Kg7 Qc4 59. h8Q Qxb4 60. Qgd8 1-0

[Event "HUN-chT2 Barcza 1415"]
[Site "Hungary"]
[Date "2015.04.26"]
[Round "?"]
[White "Magi, Tibor"]
[Black "Papp, Abel"]
[Result "1/2-1/2"]
[WhiteElo "1845"]
[BlackElo "2192"]
[PlyCount "54"]
[EventDate "2014.09.07"]
[EventType "team-tourn"]
[EventRounds "11"]
[EventCountry "HUN"]
[SourceTitle "EXT 2016"]
[Source "ChessBase"]
[SourceDate "2015.10.08"]
[SourceVersion "1"]
[SourceVersionDate "2015.10.08"]
[SourceQuality "1"]
[WhiteTeam "Nadudvar"]
[BlackTeam "Miskolc Sakkiskola"]
[WhiteTeamCountry "HUN"]
[BlackTeamCountry "HUN"]

1. d4 d5 2. Nf3 Nf6 3. Bf4 c6 4. e3 Bf5 5. Bd3 Bxd3 6. Qxd3 e6 7. Nbd2 Qb6 8. Rb1 c5 9. dxc5 Bxc5 10. 0-0 Nc6 11. c3 a5 12. b3 0-0 13. Ne5 Rfd8 14. Ndf3 Ne4 15. Nxc6 bxc6 16. Ng5 Nxg5 17. Bxg5 f6 18. Bh4 Qa6 19. Qc2 Be7 20. Rfd1 Rd7 21. h3 Rad8 22. Rd2 e5 23. Rbd1 c5 24. f4 Qe6 25. Bf2 g6 26. Qd3 Qc6 27. Qc2 a4 1/2-1/2

[Event "HUN-chT2 Barcza 1314"]
[Site "Hungary"]
[Date "2014.04.27"]
[Round "11"]
[White "Saller, Imre"]
[Black "Magi, Tibor"]
[Result "1/2-1/2"]
[WhiteElo "1812"]
[BlackElo "1884"]
[PlyCount "80"]
[EventDate "2013.09.08"]
[EventType "team-tourn"]
[EventRounds "11"]
[EventCountry "HUN"]
[SourceTitle "EXT 2016"]
[Source "ChessBase"]
[SourceDate "2015.10.08"]
[SourceVersion "1"]
[SourceVersionDate "2015.10.08"]
[SourceQuality "1"]
[WhiteTeam "Hajduszoboszlo"]
[BlackTeam "Nadudvar"]
[WhiteTeamCountry "HUN"]
[BlackTeamCountry "HUN"]

1. d4 Nf6 2. Nf3 d5 3. c4 Bf5 4. e3 Nbd7 5. Nc3 c6 6. Bd3 Bg4 7. h3 dxc4 8. Bxc4 Bf5 9. Nh4 Be4 10. Nxe4 Nxe4 11. Nf3 e6 12. a3 Bd6 13. Bd3 Qa5+ 14. Nd2 Ndf6 15. 0-0 Nxd2 16. Bxd2 Qb6 17. Bc3 Rd8 18. b4 Nd5 19. Bd2 Rd7 20. Qc2 Ne7 21. Bc3 Nd5 22. Bb2 h6 23. g3 Be7 24. Qe2 0-0 25. Rad1 Qc7 26. Kg2 f5 27. f4 Nf6 28. Bc4 Qd6 29. Bc3 b5 30. Ba2 Ne4 31. Bb2 a6 32. Rc1 Rc8 33. Qh5 Bf6 34. Rc2 Kh7 35. h4 g5 36. hxg5 Bxg5 37. Rh1 Rg8 38. Rh3 Bxf4 39. exf4 Qxf4 40. Qf3 Qd6 1/2-1/2

[Event "HUN-chT2 Barcza 1213"]
[Site "Hungary"]
[Date "2013.04.07"]
[Round "10.7"]
[White "Doman, Csaba"]
[Black "Magi, Tibor"]
[Result "0-1"]
[WhiteElo "1871"]
[BlackElo "1886"]
[PlyCount "68"]
[EventDate "2012.09.16"]
[EventType "team-tourn"]
[EventRounds "11"]
[EventCountry "HUN"]
[SourceTitle "EXT 2014"]
[Source "ChessBase"]
[SourceDate "2013.11.20"]
[SourceVersion "1"]
[SourceVersionDate "2013.11.20"]
[SourceQuality "1"]
[WhiteTeam "DEAC"]
[BlackTeam "Nadudvar"]
[WhiteTeamCountry "HUN"]
[BlackTeamCountry "HUN"]

1. d4 d5 2. Nf3 Bf5 3. Bf4 h6 4. Nbd2 Nf6 5. c3 c6 6. Qb3 Qc8 7. e3 Nbd7 8. Be2 g5 9. Bg3 Nh5 10. 0-0 Bg7 11. c4 Nxg3 12. fxg3 e6 13. cxd5 exd5 14. Nxg5 hxg5 15. Rxf5 f6 16. Bg4 Qc7 17. Qc3 0-0-0 18. Rc1 Qd6 19. Qa5 Kb8 20. Rc3 Nb6 21. Ra3 Nc8 22. Rf3 a6 23. Rb3 Ka8 24. Bxc8 Rxc8 25. Qb6 Qc7 26. Qc5 Bf8 27. Qc2 c5 28. dxc5 Bxc5 29. Qd1 Qe5 30. h3 f5 31. Qf1 f4 32. gxf4 gxf4 33. Qe2 Bxe3+ 34. Kh2 Bg1+ 0-1

[Event "HUN-chT2 Barcza 1112 "]
[Site "Hungary"]
[Date "2012.05.06"]
[Round "10"]
[White "Magi, Tibor"]
[Black "Szilagyi, Tibor"]
[Result "0-1"]
[WhiteElo "1929"]
[BlackElo "2049"]
[PlyCount "112"]
[EventDate "2011.09.25"]
[EventType "team-tourn"]
[EventRounds "11"]
[EventCountry "HUN"]
[SourceTitle "EXT 2013"]
[Source "ChessBase"]
[SourceDate "2012.11.22"]
[SourceVersion "1"]
[SourceVersionDate "2012.11.22"]
[SourceQuality "1"]
[WhiteTeam "Nadudvar"]
[BlackTeam "Debrecen Sakkbaratok"]
[WhiteTeamCountry "HUN"]
[BlackTeamCountry "HUN"]

1. Nf3 Nf6 2. c4 d6 3. Nc3 g6 4. b3 Bg7 5. Bb2 e5 6. Qc2 Nc6 7. a3 Bg4 8. h3 Bxf3 9. gxf3 Nd4 10. Qd1 Nh5 11. e3 Ne6 12. Ne2 Qh4 13. Rg1 f5 14. Ng3 0-0 15. Nxh5 Qxh5 16. Bg2 f4 17. e4 c6 18. Ra2 Qg5 19. Qe2 a5 20. Bc3 Rfd8 21. Kd1 Kh8 22. Qf1 d5 23. Ba1 Nc5 24. cxd5 cxd5 25. Qb5 Nxe4 26. fxe4 f3 27. Qd3 fxg2 28. exd5 Rf8 29. Qe3 Qf5 30. d3 Qh5+ 31. Re2 Rf3 32. Qe4 Rxf2 33. Ke1 Rf1+ 34. Rxf1 gxf1Q+ 35. Kxf1 Qxh3+ 36. Ke1 Qg3+ 37. Kd2 Qg5+ 38. Qe3 Qxe3+ 39. Rxe3 Bh6 40. Bxe5+ Kg8 41. d4 Bxe3+ 42. Kxe3 Kf7 43. a4 Rc8 44. Kd3 h5 45. d6 Ke6 46. Ke4 Rc1 47. Kf4 Rg1 48. d5+ Kd7 49. Bc3 h4 50. Bd4 Rg2 51. Be5 Rg3 52. Bf6 Rxb3 53. Bxh4 Rb4+ 54. Kg5 Rxh4 55. Kxh4 Kxd6 56. Kg5 Kxd5 0-1

[Event "Puspokladany Arnoth Memorial 04th"]
[Site "Puspokladany"]
[Date "2011.07.27"]
[Round "1"]
[White "Gerda, Emil"]
[Black "Magi, Tibor"]
[Result "0-1"]
[WhiteElo "1612"]
[BlackElo "1926"]
[PlyCount "52"]
[EventDate "2011.07.27"]
[EventType "swiss"]
[EventRounds "9"]
[EventCountry "HUN"]
[SourceTitle "EXT 2018"]
[Source "ChessBase"]
[SourceDate "2017.10.13"]
[SourceVersion "1"]
[SourceVersionDate "2017.10.13"]
[SourceQuality "1"]

1. d4 d5 2. Nf3 Nc6 3. Bf4 Bf5 4. e3 Nf6 5. Bd3 Ne4 6. Nbd2 e6 7. a3 f6 8. h3 g5 9. Bh2 h5 10. Bxe4 dxe4 11. Ng1 Qd7 12. Qe2 0-0-0 13. 0-0-0 Rh7 14. Nb3 Kb8 15. Qd2 a6 16. Ne2 b6 17. c4 Qe8 18. Qc3 Rhd7 19. Rd2 Qf7 20. Rhd1 Na7 21. Kb1 Ka8 22. c5 Bh7 23. Rc1 Bg8 24. cxb6 cxb6 25. Rdc2 e5 26. Nd2 Qa2# 0-1